LEADER 01049nam a2200241 i 4500 001 000000229440 003 CaOOAMICUS 005 20140509000000.0 008 140509s1967 it u000 u ita u 013 $a208342 040 $aSeMil$bita 100 1 $aDodd, Charles Harold,$d<1884-1973>.$0(OLS)http://semarc/name/4431 240 14$aThe Bible today.$0(OLS)http://semarc/title/328174 245 13$aLa Bibbia nella Chiesa :$bcome l'uomo d'oggi s'avvicina alla Scrittura /$cC. H. Dodd. 260 $aTorino :$bGribaudi,$ccopyr. 1967. 300 $a207 p. ;$c19 cm. 490 0 $aLa parola di Dio ;$v7 650 4$aBibbia e comunità cristiana.$0(OLS)http://semarc/subject/33716 830 3$aLa parola di Dio ;$v7.$0(OLS)http://semarc/title/431465 850 $aSeMil 852 $aSeMil$W1$xVenegono$y1$m2Z I 136$j179786$B179786$CSeMilBibl$Z2$F190897 $81 996 $6245$aLa Bibbia nella Chiesa :$bcome l'uomo d'oggi s'avvicina alla Scrittura$9(OLS)http://semarc/title/328173 996 $6260$aTorino :$bGribaudi$9(OLS)http://semarc/publisher/31540 LEADER 00985nam a2200217 i 4500 001 000000145710 003 CaOOAMICUS 005 20080814000000.0 008 080814s1971 gw u000 u ger u 013 $a121102 040 $aSeMil$bita 100 1 $aTillich, Paul Johannes,$d<1886-1965>.$0(OLS)http://semarc/name/1471 245 10$aBegegnungen :$bPaul Tillich über sich selbst und andere /$cPaul Tillich. 260 $aStuttgart :$bEvangelisches Verlagswerk,$c1971. 300 $a407 p. ;$c22 cm. 773 0 $aTillich, Paul Johannes <1886-1965>$tGesammelte Werke.$dStuttgart : Evangelisches Verlagswerk, 1959-$g12$w()14932 850 $aSeMil 852 $aSeMil$W1$xVenegono$y1$m2M II 163$j270968$B98441$CSeMilBibl$Z2$F106681 $81 961 $aOmaggio: Facoltà Teologica di Milano 996 $6245$aBegegnungen :$bPaul Tillich über sich selbst und andere$9(OLS)http://semarc/title/213031 996 $6260$aStuttgart :$bEvangelisches Verlagswerk$9(OLS)http://semarc/publisher/34036